000 00640nam a2200241Ia 4500
003 OSt
005 20220926040352.0
006 a|||||r|||| 00| 0
007 ta
008 220923b |||||||| |||| 00| 0 eng d
037 _cGeneral Book
040 _aRTL
_cRTL
_beng
041 _2eng
_aeng
082 _aX:54:1:N3, H2
110 _aLeague of Nations
_910770
245 0 _aNet work of world trade
_b A companion volume to Eu
260 _c1942
650 _a Economics
650 _aInternational Trade
700 _aLeague of Nations
_910771
942 _hX:54:1:N3, H2
_cGB
_2CC
999 _c664639
_d664639